Around the world in 80 days (in 2 minutes) Quiz Stats

 Plays Quiz not verified by Sporcle

Also try: 'B' Countries
Challenge
Share
Tweet
Embed
Score 0/27 Timer 02:00
1 Play Today
Journey Countries (Modern Day) % Correct
Bombay to CalcuttaIndia
97%
Calcutta to Hong KongIndia
97%
Suez to Bombay (Mumbai)India
97%
London to SuezUnited Kingdom
96.7%
London to SuezFrance
96.7%
New York to LondonUnited Kingdom
96.7%
Hong Kong to YokohamaChina
95.1%
Calcutta to Hong KongChina
95.1%
Calcutta to Hong KongChina
95%
San Francisco to New YorkUSA
93.4%
Yokohama to San FranciscoUSA
93.4%
New York to LondonUSA
93.4%
Yokohama to San FranciscoJapan
91.7%
Hong Kong to YokohamaJapan
91.7%
Journey Countries (Modern Day) % Correct
Suez to Bombay (Mumbai)Egypt
91.4%
London to SuezEgypt
91.4%
London to SuezItaly
91.1%
Suez to Bombay (Mumbai)Saudi Arabia
79.7%
London to SuezSwitzerland
79.1%
Suez to Bombay (Mumbai)Israel
73.2%
London to SuezGreece
73%
Calcutta to Hong KongBangladesh
69.5%
Calcutta to Hong KongIndia
68.5%
Suez to Bombay (Mumbai)Jordan
68.2%
Calcutta to Hong KongMyanmar
62.3%
Calcutta to Hong KongVietnam
59.4%
Suez to Bombay (Mumbai)United Arab Emirates
48.1%

You're not logged in!

Compare scores with friends on all Sporcle quizzes.
Join for Free
OR
Log In

You Might Also Like...

Show Comments

Extras

Top Quizzes Today


Score Distribution

Your Account Isn't Verified!

In order to create a playlist on Sporcle, you need to verify the email address you used during registration. Go to your Sporcle Settings to finish the process.

Report this User

Report this user for behavior that violates our Community Guidelines.

Details: